000 00395 a2200157 4500
003 Nust
005 20170207153128.0
040 _cNust
082 _a297
100 _a Hussain Hiakil, Muhammad
245 _aOmer Farooq-e-Azam
_c Habib Asher and Muhammad Hussain Haikil
260 _aLahore
_bIslami kutab khana
300 _a904:p
600 _aMuhammad Hussain Hakil
650 _aIslam,biography
942 _2ddc
_cBK
999 _c179548
_d179548